| 000 | 00831nam a2200265 a 4500 | ||
|---|---|---|---|
| 008 | |||
| 020 | _a0075498030 (pbk.) | ||
| 090 |
_aHB172.5 _bMAC |
||
| 100 | 1 | _aMcConnell, Campbell R. | |
| 245 | 1 | 0 |
_aMacroeconomics / _cCampbell R. McConnell, Stanley Brue and William Henry Pope. |
| 260 |
_a[New York : _bMcGraw-Hill, _cc199?]. |
||
| 300 |
_axxv, 958 p. : _bill. (some col.) ; _c24 cm. |
||
| 500 | _aLibrary holdings: copy missing title page. | ||
| 500 | _aIncludes index. | ||
| 500 | _aIncludes bibliographical references. | ||
| 650 | 0 | _aMacroeconomics. | |
| 700 | _aPope, William Henry. | ||
| 700 | 1 | _aBrue, Stanley L. | |
| 907 |
_a.b10080260 _b10-09-12 _c05-07-03 |
||
| 003 | |||
| 005 | 20230123133318.0 | ||
| 040 | _cNUST | ||
| 049 | _aMAIN | ||
| 942 |
_cBOOKS _kHB172.5 _mMAC |
||
| 999 |
_c146424 _d146424 |
||